000 00579pab a2200181 454500
008 180718b2000 xxu||||| |||| 00| 0 eng d
100 _aRajasekhar, D.
245 _aMicro-finance programmes and womens empowerment: a study of two NGOs from Kerala
260 _c2000
300 _ap.76-94
362 _aJan-Jun 2000
650 _aWomen - India - Kerala
650 _aPoverty - India - Kerala
650 _aNongovernmental organizations - India - Kerala
650 _aNongovernmental organizations
773 _aJournal of Social and Economic Development
909 _a45126
999 _c45126
_d45126